[Event "SE-2021-0-00021"]
[Site "LSS email"]
[Date "2021.04.03"]
[Round "?"]
[White "Grimm, Wolfgang"]
[Black "Sussarellu, Lucia"]
[Result "0-1"]
[WhiteElo "1343"]
[BlackElo "1317"]
[PlyCount "102"]
[EventDate "2021.01.16"]
[EventType "tourn (corr)"]
[EventRounds "6"]
[EventCountry "GER"]
[SourceTitle "Corr 2024"]
[Source "ChessBase"]
[SourceDate "2023.10.19"]
[SourceVersion "1"]
[SourceVersionDate "2023.10.19"]
[SourceQuality "1"]

1. g3 c5 2. Nf3 Nc6 3. d4 cxd4 4. Nxd4 Nf6 5. Nc3 d5 6. Bf4 e6 7. e3 Be7 8. Qf3 0-0 9. Bd3 Nd7 10. Qh5 g6 11. Qe2 e5 12. Nxc6 bxc6 13. Bh6 Re8 14. e4 d4 15. Nd1 Nc5 16. Bc4 a5 17. 0-0 a4 18. f4 exf4 19. Bxf4 Be6 20. Bxe6 Nxe6 21. Qf3 Ra7 22. Bc1 Ng5 23. Bxg5 Bxg5 24. Nf2 Qb6 25. Rab1 Be3 26. Kh1 Bxf2 27. Rxf2 c5 28. Re2 Rae7 29. Kg1 Qc6 30. g4 Rxe4 31. Rf1 R8e7 32. h3 Qe8 33. Rxe4 Rxe4 34. Kg2 Re2+ 35. Rf2 Re3 36. Qf4 Qe6 37. Kh2 h5 38. b3 a3 39. Rg2 Kg7 40. Qc7 hxg4 41. hxg4 Qf6 42. g5 Qf3 43. Qg3 Qh5+ 44. Kg1 Rxg3 45. Rxg3 Qd1+ 46. Kh2 Qxc2+ 47. Kh3 Qxa2 48. b4 cxb4 49. Rf3 b3 50. Kg3 b2 51. Rf2 b1Q 0-1

[Event "SE-2021-0-00021"]
[Site "LSS email"]
[Date "2021.04.03"]
[Round "?"]
[White "Sussarellu, Lucia"]
[Black "Grimm, Wolfgang"]
[Result "1-0"]
[WhiteElo "1317"]
[BlackElo "1343"]
[PlyCount "71"]
[EventDate "2021.01.16"]
[EventType "tourn (corr)"]
[EventRounds "6"]
[EventCountry "GER"]
[SourceTitle "Corr 2024"]
[Source "ChessBase"]
[SourceDate "2023.10.19"]
[SourceVersion "1"]
[SourceVersionDate "2023.10.19"]
[SourceQuality "1"]

1. d4 Nf6 2. c4 e6 3. Nf3 Nc6 4. e3 d5 5. Nc3 Bd7 6. a3 Be7 7. Bd3 0-0 8. 0-0 dxc4 9. Bxc4 Na5 10. Bd3 Nc6 11. e4 Re8 12. h3 h6 13. Be3 a5 14. Rc1 Qc8 15. Bb1 Rd8 16. Qd3 Kf8 17. e5 Ng8 18. Qh7 Be8 19. Rcd1 f6 20. Ne2 Bh5 21. Nf4 Bxf3 22. gxf3 Bxa3 23. bxa3 fxe5 24. dxe5 b6 25. Ba2 Rxd1 26. Rxd1 Nxe5 27. Bxe6 Qxe6 28. Nxe6+ Kf7 29. Qf5+ Nf6 30. Qxe5 Re8 31. Qxc7+ Re7 32. Nd8+ Kf8 33. Qd6 Ne8 34. Qxb6 Kg8 35. Qc5 Rxe3 36. fxe3 1-0

[Event "RE-2020-0-00216"]
[Site "LSS email"]
[Date "2020.01.17"]
[Round "?"]
[White "Sussarellu, Lucia"]
[Black "Nowak, Andrzej"]
[Result "1/2-1/2"]
[WhiteElo "1295"]
[BlackElo "1381"]
[PlyCount "49"]
[EventDate "2019.11.07"]
[EventType "tourn (corr)"]
[EventRounds "6"]
[EventCountry "GER"]
[SourceTitle "Corr 2022"]
[Source "ChessBase"]
[SourceDate "2021.10.24"]
[SourceVersion "1"]
[SourceVersionDate "2021.10.24"]
[SourceQuality "1"]

1. d4 Nf6 2. c4 e6 3. Nf3 d5 4. Nc3 Bb4 5. e3 0-0 6. Bd3 b6 7. 0-0 Bb7 8. cxd5 exd5 9. a3 Bxc3 10. bxc3 Nbd7 11. c4 c5 12. Bb2 Rc8 13. Rc1 dxc4 14. Bxc4 Ne4 15. Ba2 a6 16. dxc5 bxc5 17. Nd2 Nxd2 18. Qxd2 Qg5 19. f4 Qe7 20. Rfd1 Rfd8 21. Qf2 Nf6 22. Qe2 Rxd1+ 23. Rxd1 Rd8 24. Rxd8+ Qxd8 25. h3 1/2-1/2

[Event "LSS No Engine Cup 179 Preliminary 0"]
[Site "LSS email"]
[Date "2018.05.28"]
[Round "?"]
[White "Sussarellu, Lucia"]
[Black "Wernitz, Helmut"]
[Result "1-0"]
[WhiteElo "1600"]
[BlackElo "1600"]
[PlyCount "85"]
[EventDate "2018.05.29"]
[EventType "tourn (corr)"]
[EventRounds "6"]
[EventCountry "GER"]
[SourceTitle "Corr 2022"]
[Source "ChessBase"]
[SourceDate "2021.10.24"]
[SourceVersion "1"]
[SourceVersionDate "2021.10.24"]
[SourceQuality "1"]

1. e4 e5 2. Nf3 f5 3. Nxe5 Qf6 4. d4 d6 5. Nc4 fxe4 6. Nc3 Qg6 7. f3 exf3 8. Qxf3 Nc6 9. Bd3 Qg4 10. Qxg4 Bxg4 11. Ne3 Bd7 12. Nb5 0-0-0 13. Nd5 Nf6 14. Nbxc7 Re8+ 15. Nxe8 Nxd5 16. Nxg7 Bxg7 17. c3 Re8+ 18. Kd1 h5 19. Bg5 a6 20. Kc2 b5 21. Rhf1 Ne3+ 22. Bxe3 Rxe3 23. Rae1 Rxe1 24. Rxe1 Kb7 25. Bg6 h4 26. Be4 Kb6 27. Rf1 Nd8 28. h3 Ne6 29. Rf7 Bc8 30. Bf3 Bh6 31. Bg4 Bg5 32. d5 Nd8 33. Rg7 Bxg4 34. hxg4 Bf6 35. Rg8 Kc5 36. g5 Bxg5 37. Rxg5 Nf7 38. Rh5 Ne5 39. Rxh4 Kxd5 40. g4 Ke4 41. g5+ Kf5 42. Rh6 Ng6 43. Rh7 1-0

[Event "RE-2018-0-00199"]
[Site "LSS email"]
[Date "2018.04.09"]
[Round "?"]
[White "Sussarellu, Lucia"]
[Black "Wilshusen, Horst"]
[Result "1/2-1/2"]
[WhiteElo "1273"]
[BlackElo "1284"]
[PlyCount "51"]
[EventDate "2018.01.21"]
[EventType "tourn (corr)"]
[EventRounds "6"]
[EventCountry "GER"]
[SourceTitle "Corr 2022"]
[Source "ChessBase"]
[SourceDate "2021.10.24"]
[SourceVersion "1"]
[SourceVersionDate "2021.10.24"]
[SourceQuality "1"]

1. d4 Nf6 2. c4 e6 3. Nf3 Bb4+ 4. Bd2 Qe7 5. e3 0-0 6. Bd3 Bxd2+ 7. Nbxd2 d6 8. 0-0 e5 9. Qc2 h6 10. h3 Nc6 11. a3 a5 12. Ne4 Nxe4 13. Bxe4 a4 14. Rfe1 Bd7 15. Rad1 Rad8 16. dxe5 dxe5 17. Qxa4 Nd4 18. Qa7 Nxf3+ 19. Bxf3 e4 20. Be2 Bc6 21. Rxd8 Rxd8 22. Rd1 b6 23. Rxd8+ Qxd8 24. a4 Qd2 25. b3 Qxe2 26. Qxc7 1/2-1/2

[Event "RE-2017-0-00192"]
[Site "LSS email"]
[Date "2017.09.04"]
[Round "?"]
[White "Raines, David T"]
[Black "Sussarellu, Lucia"]
[Result "0-1"]
[WhiteElo "1232"]
[BlackElo "1229"]
[PlyCount "21"]
[EventDate "2017.05.28"]
[EventType "tourn (corr)"]
[EventRounds "6"]
[EventCountry "GER"]
[SourceTitle "Corr 2022"]
[Source "ChessBase"]
[SourceDate "2021.10.24"]
[SourceVersion "1"]
[SourceVersionDate "2021.10.24"]
[SourceQuality "1"]

1. d4 Nf6 2. Bf4 d5 3. e3 e6 4. Nd2 c5 5. c3 Nc6 6. h3 Bd6 7. Bxd6 Qxd6 8. Ngf3 0-0 9. Bd3 e5 10. dxe5 Nxe5 11. 0-0 0-1

[Event "LSS RF-2011-0-00093"]
[Site "LSS email"]
[Date "2011.10.10"]
[Round "?"]
[White "Sussarellu, Lucia"]
[Black "Kraujunas, Vladas"]
[Result "0-1"]
[WhiteElo "1227"]
[BlackElo "1377"]
[PlyCount "100"]
[EventDate "2011.09.05"]
[EventType "tourn (corr)"]
[EventRounds "6"]
[EventCountry "GER"]
[SourceTitle "Telechess CBM 157"]
[Source "ChessBase"]
[SourceDate "2013.11.12"]
[SourceVersion "1"]
[SourceVersionDate "2013.11.12"]
[SourceQuality "1"]

1. d4 Nf6 2. c4 g6 3. Nc3 Bg7 4. e4 d6 5. Nf3 0-0 6. Be2 e5 7. 0-0 Nc6 8. d5 Ne7 9. Nd2 Ne8 10. Nf3 f5 11. exf5 gxf5 12. Bg5 Nf6 13. Qb3 b6 14. Qc2 a5 15. Nb5 Bd7 16. Rad1 h6 17. Bxf6 Bxf6 18. Qd2 Ng6 19. Rfe1 Kh7 20. Bf1 Rg8 21. Kh1 Rg7 22. Qc2 h5 23. Ng1 h4 24. Nh3 Kh8 25. f4 Nxf4 26. Nxf4 exf4 27. Rd3 Be5 28. Qf2 Bxb5 29. cxb5 Qg5 30. Rh3 Rh7 31. Bd3 Rg8 32. Qc2 Rh5 33. Rf1 Bd4 34. Qe2 Be3 35. Rff3 Rg7 36. a3 Kg8 37. Qc2 Qg4 38. Bf1 Rhg5 39. b4 axb4 40. axb4 Qh5 41. Qa2 Rg4 42. Qa8+ Kh7 43. Qa1 Qf7 44. Qa8 Bd4 45. Qc6 Qe7 46. Qc1 Qe4 47. Qd1 Be3 48. Qa1 Kg6 49. Qa8 Kf6 50. Qf8+ Ke5 0-1

[Event "LSS SE-2009-0-00032"]
[Site "LSS email"]
[Date "2009.11.07"]
[Round "?"]
[White "Sussarellu, Lucia"]
[Black "Bhandarkar, Dinesh"]
[Result "0-1"]
[WhiteElo "1203"]
[BlackElo "1425"]
[PlyCount "117"]
[EventDate "2009.08.22"]
[EventType "tourn (corr)"]
[EventRounds "6"]
[EventCountry "GER"]
[SourceTitle "Telechess CBM 141"]
[Source "ChessBase"]
[SourceDate "2011.03.17"]
[SourceVersion "1"]
[SourceVersionDate "2011.03.17"]
[SourceQuality "1"]

1. g3 e5 2. Bg2 d5 3. d4 exd4 4. Qxd4 Nf6 5. Nc3 Nc6 6. Qa4 Bb4 7. Bd2 Bd7 8. Qb5 a6 9. Qd3 Be6 10. a3 Be7 11. Nf3 h6 12. 0-0 0-0 13. Rad1 Qd7 14. Bf4 Rad8 15. Ne5 Qc8 16. Nxc6 bxc6 17. Rfe1 Bf5 18. e4 dxe4 19. Qc4 Qb7 20. Rxd8 Rxd8 21. Nxe4 Qxb2 22. Bxc7 Rd4 23. Qxc6 Bxe4 24. Bxe4 Nxe4 25. Rxe4 Rxe4 26. Qxe4 Qxa3 27. c4 Bf8 28. Qa8 a5 29. Bxa5 Qc1+ 30. Kg2 Qxc4 31. Bb6 g5 32. h3 Kg7 33. g4 Bd6 34. Qa1+ f6 35. Qa7+ Kg6 36. Qa8 Qe6 37. Qc6 Qe5 38. Qf3 f5 39. Qd3 Be7 40. Qc4 Bf6 41. f3 Kg7 42. Bf2 f4 43. Qc2 Qb2 44. Qxb2 Bxb2 45. Kf1 Kg6 46. Ke2 h5 47. Kd3 hxg4 48. hxg4 Bf6 49. Ke4 Bd8 50. Kd5 Be7 51. Ke6 Bf6 52. Bc5 Bc3 53. Kd5 Bf6 54. Bd4 Be7 55. Ke6 Bd8 56. Bc3 Bc7 57. Bb4 Bb6 58. Ke5 Bd8 59. Bc5 0-1

[Event "LSS No Engine Cup Gr01 prel 03 email"]
[Site "LSS email"]
[Date "2009.06.29"]
[Round "?"]
[White "Gonzalez Beltran, Javier"]
[Black "Sussarellu, Lucia"]
[Result "1/2-1/2"]
[WhiteElo "1406"]
[BlackElo "1144"]
[PlyCount "48"]
[EventDate "2009.06.30"]
[EventType "tourn (corr)"]
[EventRounds "6"]
[EventCountry "GER"]
[SourceTitle "Telechess CBM 137"]
[Source "ChessBase"]
[SourceDate "2010.07.15"]
[SourceVersion "1"]
[SourceVersionDate "2010.07.15"]
[SourceQuality "1"]

1. e4 c5 2. Nf3 d6 3. d4 cxd4 4. Nxd4 Nf6 5. Nc3 g6 6. Be2 Bg7 7. 0-0 0-0 8. Be3 Nc6 9. Nb3 Be6 10. f4 Rc8 11. Kh1 Na5 12. Nxa5 Qxa5 13. Bf3 Rfd8 14. Qe1 Qb4 15. Rb1 Bc4 16. Rf2 Qa5 17. a3 Nd7 18. Bd2 Re8 19. Bg4 Qd8 20. Be3 e6 21. Qd2 d5 22. exd5 Bxc3 23. bxc3 Bxd5 24. Bf3 b6 1/2-1/2

[Event "LSS No Engine Cup Gr01 prel 03 email"]
[Site "LSS email"]
[Date "2009.06.29"]
[Round "?"]
[White "Jenneborg, Seved"]
[Black "Sussarellu, Lucia"]
[Result "1/2-1/2"]
[WhiteElo "1599"]
[BlackElo "1144"]
[PlyCount "84"]
[EventDate "2009.06.30"]
[EventType "tourn (corr)"]
[EventRounds "6"]
[EventCountry "GER"]
[SourceTitle "Telechess CBM 137"]
[Source "ChessBase"]
[SourceDate "2010.07.15"]
[SourceVersion "1"]
[SourceVersionDate "2010.07.15"]
[SourceQuality "1"]

1. Nf3 d5 2. d4 Nf6 3. c4 e6 4. Bg5 Be7 5. Nc3 0-0 6. e3 Nbd7 7. Rc1 c6 8. Bd3 dxc4 9. Bxc4 Nd5 10. Bxe7 Qxe7 11. 0-0 Nxc3 12. Rxc3 e5 13. Qc2 exd4 14. exd4 Nb6 15. Re1 Qf6 16. Bd3 h6 17. Ne5 Qd6 18. Bh7+ Kh8 19. Rf3 Be6 20. Bf5 Bxf5 21. Qxf5 Kg8 22. Qg4 f6 23. Rg3 Qe7 24. Nd3 Qf7 25. Nc5 Rfe8 26. Ne6 Re7 27. Rge3 Nd5 28. R3e2 Rae8 29. Nc5 b6 30. Nd3 Rxe2 31. Rxe2 Rxe2 32. Qxe2 Ne7 33. h3 Nf5 34. Qg4 Qd5 35. Nb4 Qxd4 36. Qxf5 Qxb4 37. Qe6+ Kf8 38. Qxc6 Qe1+ 39. Kh2 Qxf2 40. Qa8+ Kf7 41. Qxa7+ Kg6 42. Qc7 Qxb2 1/2-1/2

[Event "LSS No Engine Cup 01 Preliminary 3"]
[Site "LSS email"]
[Date "2009.06.29"]
[Round "?"]
[White "Sussarellu, Lucia"]
[Black "Cuomo, Salvatore"]
[Result "1-0"]
[WhiteElo "1172"]
[BlackElo "1828"]
[PlyCount "29"]
[EventDate "2009.06.30"]
[EventType "tourn (corr)"]
[EventRounds "6"]
[EventCountry "GER"]
[SourceTitle "Corr 2013"]
[Source "ChessBase"]
[SourceDate "2012.11.12"]
[SourceVersion "1"]
[SourceVersionDate "2012.11.12"]
[SourceQuality "1"]

1. d4 d5 2. c4 e6 3. Nc3 Nf6 4. Nf3 c6 5. e3 Nbd7 6. Bd3 dxc4 7. Bxc4 b5 8. Bd3 Bd6 9. 0-0 0-0 10. Qc2 Bb7 11. e4 e5 12. dxe5 Nxe5 13. Nxe5 Bxe5 14. h3 Re8 15. Be3 1-0

[Event "LSS No Engine Cup Gr01 prel 03 email"]
[Site "LSS email"]
[Date "2009.06.29"]
[Round "?"]
[White "Sussarellu, Lucia"]
[Black "Gomez Galan Arense, Joaquin"]
[Result "1/2-1/2"]
[WhiteElo "1144"]
[BlackElo "2348"]
[PlyCount "59"]
[EventDate "2009.06.30"]
[EventType "tourn (corr)"]
[EventRounds "6"]
[EventCountry "GER"]
[SourceTitle "Telechess CBM 137"]
[Source "ChessBase"]
[SourceDate "2010.07.15"]
[SourceVersion "1"]
[SourceVersionDate "2010.07.15"]
[SourceQuality "1"]

1. e4 e5 2. Nf3 Nf6 3. Nxe5 d6 4. Nf3 Nxe4 5. d4 d5 6. Bd3 Nf6 7. 0-0 Be7 8. c4 Be6 9. Ng5 h6 10. Nxe6 fxe6 11. Bg6+ Kf8 12. cxd5 exd5 13. Nc3 Nc6 14. Be3 Bd6 15. Qf3 Ne7 16. Bd3 Kf7 17. Nb5 a6 18. Nxd6+ Qxd6 19. Bf4 Qd7 20. Rac1 c6 21. Rfe1 Ng6 22. Bd2 Qg4 23. Qxg4 Nxg4 24. h3 Nf6 25. Bxg6+ Kxg6 26. Re7 Rab8 27. Rce1 Ne4 28. Bf4 Rbf8 29. Re6+ Kf5 30. Re5+ 1/2-1/2

[Event "LSS RF-2009-0-00032"]
[Site "LSS email"]
[Date "2009.05.20"]
[Round "?"]
[White "Sussarellu, Lucia"]
[Black "Van Dosselaer, Mattias"]
[Result "0-1"]
[WhiteElo "956"]
[BlackElo "1181"]
[PlyCount "58"]
[EventDate "2009.03.15"]
[EventType "tourn (corr)"]
[EventRounds "6"]
[EventCountry "GER"]
[SourceTitle "Corr 2011"]
[Source "ChessBase"]
[SourceDate "2010.08.31"]
[SourceVersion "1"]
[SourceVersionDate "2010.08.31"]
[SourceQuality "1"]

1. d4 Nf6 2. c4 c5 3. dxc5 e6 4. Nf3 Bxc5 5. Nc3 0-0 6. e3 Nc6 7. Be2 d5 8. 0-0 a6 9. cxd5 exd5 10. Qc2 Be6 11. Bd2 Rc8 12. Rfd1 Nb4 13. Qb1 g6 14. a3 Bf5 15. Qc1 Nc2 16. Ra2 d4 17. Ne1 Nxe1 18. exd4 Bxd4 19. Bxe1 Qd6 20. Qh6 Rfe8 21. Raa1 Qb6 22. Na4 Qa7 23. Qf4 Re4 24. Qd2 Bg4 25. Bf3 Bxf3 26. gxf3 Rh4 27. Qg5 Rh5 28. Qg2 Nd5 29. Kh1 Rc2 0-1

[Event "LSS RN-2008-0-00145"]
[Site "LSS email"]
[Date "2008.07.30"]
[Round "?"]
[White "Masakov, Alexey"]
[Black "Sussarellu, Lucia"]
[Result "0-1"]
[WhiteElo "1100"]
[BlackElo "1172"]
[PlyCount "54"]
[EventDate "2008.07.18"]
[EventType "tourn (corr)"]
[EventRounds "6"]
[EventCountry "GER"]
[SourceTitle "Corr 2013"]
[Source "ChessBase"]
[SourceDate "2012.11.12"]
[SourceVersion "1"]
[SourceVersionDate "2012.11.12"]
[SourceQuality "1"]

1. d4 d5 2. c4 c6 3. Nc3 dxc4 4. e4 e6 5. Bxc4 Nf6 6. Nf3 Bb4 7. Qc2 0-0 8. 0-0 Nbd7 9. Bg5 h6 10. Bh4 Nb6 11. Bd3 Qc7 12. Bxf6 gxf6 13. e5 f5 14. Qd2 Kh7 15. Nh4 Qe7 16. Qf4 Bxc3 17. bxc3 Nd5 18. Qg3 Rg8 19. Nxf5 exf5 20. Qf3 Nxc3 21. Bxf5+ Bxf5 22. Qxf5+ Rg6 23. Qd3 Nd5 24. f4 Qh4 25. f5 Rg4 26. f6+ Kh8 27. Rae1 Rag8 0-1

[Event "LSS RN-2008-0-00145"]
[Site "LSS email"]
[Date "2008.07.30"]
[Round "?"]
[White "Taylor, Doug"]
[Black "Sussarellu, Lucia"]
[Result "0-1"]
[WhiteElo "657"]
[BlackElo "1172"]
[PlyCount "50"]
[EventDate "2008.07.18"]
[EventType "tourn (corr)"]
[EventRounds "6"]
[EventCountry "GER"]
[SourceTitle "Corr 2015"]
[Source "ChessBase"]
[SourceDate "2015.07.17"]
[SourceVersion "1"]
[SourceVersionDate "2015.07.17"]
[SourceQuality "1"]

1. e4 c5 2. Nf3 d6 3. d4 cxd4 4. Nxd4 Nf6 5. Nc3 g6 6. Bc4 Bg7 7. Bf4 e5 8. Bxe5 dxe5 9. Ndb5 Be6 10. Qxd8+ Kxd8 11. 0-0-0+ Nbd7 12. Bxe6 fxe6 13. f4 exf4 14. Nd4 Ke7 15. e5 Nxe5 16. Rhe1 Nfg4 17. Rd2 Rhd8 18. Ncb5 Ne3 19. g3 N5c4 20. Rde2 Bxd4 21. gxf4 Bxb2+ 22. Kb1 Rd1+ 23. Rxd1 Nxd1 24. c3 a6 25. Nc7 Na3# 0-1